Hanrei rōdōhō no kenkyū / (Record no. 35073)
[ view plain ]
| 000 -LEADER | |
|---|---|
| fixed length control field | 00964cam a2200277 i 4500 |
| 001 - CONTROL NUMBER | |
| control field | j 66000855 |
| 003 - CONTROL NUMBER IDENTIFIER | |
| control field | DLC |
| 005 - DATE AND TIME OF LATEST TRANSACTION | |
| control field | 20260227111521.0 |
| 008 - FIXED-LENGTH DATA ELEMENTS--GENERAL INFORMATION | |
| fixed length control field | 990708s1950 ja b 000 0 jpn |
| 010 ## - LIBRARY OF CONGRESS CONTROL NUMBER | |
| LC control number | j 66000855 |
| 035 ## - SYSTEM CONTROL NUMBER | |
| System control number | (CStRLIN)DCLP99-B8579 |
| 040 ## - CATALOGING SOURCE | |
| Original cataloging agency | DLC-R |
| Transcribing agency | DLC-R |
| Modifying agency | DLC |
| 043 ## - GEOGRAPHIC AREA CODE | |
| Geographic area code | a-ja--- |
| 050 00 - LIBRARY OF CONGRESS CALL NUMBER | |
| Classification number | Law |
| 066 ## - CHARACTER SETS PRESENT | |
| Alternate G0 or G1 character set | $1 |
| 245 00 - TITLE STATEMENT | |
| Linkage | 880-01 |
| Title | Hanrei rōdōhō no kenkyū / |
| Statement of responsibility, etc. | Yanagawa Masao tō kyōcho. |
| 260 ## - PUBLICATION, DISTRIBUTION, ETC. | |
| Linkage | 880-02 |
| Place of publication, distribution, etc. | Tōkyō : |
| Name of publisher, distributor, etc. | Rōmu Gyōsei Kenkyūjo, |
| Date of publication, distribution, etc. | Shōwa 25 [1950] |
| 300 ## - PHYSICAL DESCRIPTION | |
| Extent | 5, 40, 917, 20 p. ; |
| Dimensions | 22 cm. |
| 504 ## - BIBLIOGRAPHY, ETC. NOTE | |
| Bibliography, etc. note | Includes bibliographical references. |
| 650 #0 - SUBJECT ADDED ENTRY--TOPICAL TERM | |
| Topical term or geographic name entry element | Labor laws and legislation |
| Geographic subdivision | Japan. |
| 650 #0 - SUBJECT ADDED ENTRY--TOPICAL TERM | |
| Topical term or geographic name entry element | Labor laws and legislation. |
| 700 1# - ADDED ENTRY--PERSONAL NAME | |
| Linkage | 880-03 |
| Personal name | Yanagawa, Masao, |
| Dates associated with a name | 1907-1986. |
| 880 00 - ALTERNATE GRAPHIC REPRESENTATION | |
| Linkage | 245-01/$1 |
| a | 判例労働法の研究 / |
| c | 柳川真佐夫等共著. |
| 880 ## - ALTERNATE GRAPHIC REPRESENTATION | |
| Linkage | 260-02/$1 |
| a | 東京 : |
| b | 労務行政研究所, |
| c | 昭和 25 [1950] |
| 880 1# - ALTERNATE GRAPHIC REPRESENTATION | |
| Linkage | 700-03/$1 |
| a | 柳川真佐夫, |
| d | 1907-1986 |
No items available.